| 000 | 00652nam a2200193 a 4500 | ||
|---|---|---|---|
| 001 | 000026308 | ||
| 005 | 20200930024500.0 | ||
| 008 | 110310s1968 dr 000 0 spa d | ||
| 040 |
_aDO-SdBNP _bspa _cBNPHU |
||
| 082 |
_axxxx _bP349o |
||
| 100 | 1 |
_aPeña Batlle, Manuel Arturo _923316 |
|
| 245 | 1 | 0 |
_aObras escogidas : _bcuatro ensayos históricos / _cManuel Arturo Peña Batlle. |
| 260 |
_aSanto Domingo : _bJulio D. Postigo e hijos, _c1968. |
||
| 300 |
_av. ; _c24 cm. |
||
| 490 | 1 | _aPensamiento dominicano | |
| 504 | _aIncluye referencias bibliográficas y notas al pie de las páginas | ||
| 830 | 0 |
_aPensamiento dominicano _919047 |
|
| 049 | _aBNPD | ||
| 999 |
_c25800 _d25800 |
||